000 01016nam a2200313 i 4500
003 DO-SdBNP
005 20250714135234.0
007 ta
008 201015b2013 dr ||||| |||| 00| 0 spa d
020 _a9789945886511
040 _aDO-SdBNP
_bspa
_cBNPHU
_erda
041 _aspa
082 4 _axxx
_bD919ma
_222
100 1 _aDunker L., José,
_d1943-
_eautor
_4aut.
_91027
245 1 0 _aMarco tridimensional 3-D /
_cJosé Dunker Lambert ; prólogo, Pablo Pascual Báez.
246 1 0 _aMarco 3-D
250 _aPrimera edición
264 4 _aSanto Domingo :
_bPapeles Soñados,
_c©2013.
300 _a165 páginas ;
_c21 cm.
336 _atexto
_btxt
_2rdacontent
337 _asin mediación
_bn
_2rdamedia
338 _avolumen
_bnc
_2rdacarrier
500 _aIncluye datos biográficos del autor en la contracubierta.
504 _aBibliografía : páginas 156-165
590 _aInventariado, 2025/BT
700 1 _aBáez, Pablo Pascual,
_eprologuista
_4pr.
_920922
910 _aBtavárez
942 _2ddc
_cLBS1
999 _c59532
_d59532